Apoyo a procesos de integración de la población migrante y o desplazada en Centroamérica. La Migración y los migrantes en Honduras /
Gespeichert in:
| 1. Verfasser: | |
|---|---|
| Körperschaften: | , |
| Format: | Text |
| Veröffentlicht: |
UNAH
|
| Schlagworte: | |
| Tags: |
Tag hinzufügen
Keine Tags, Fügen Sie den ersten Tag hinzu!
|
MARC
| LEADER | 00000 a a2200000 04500 | ||
|---|---|---|---|
| 001 | 28563 | ||
| 003 | |||
| 040 | |||
| 090 | |a 189103 | ||
| 100 | |a Caballero Zeitún, Elsa Lily | ||
| 110 | |a Universidad Nacional Autónoma de Honduras | ||
| 245 | |a Apoyo a procesos de integración de la población migrante y o desplazada en Centroamérica. La Migración y los migrantes en Honduras / |c Universidad Nacional Autónoma de Honduras | ||
| 260 | |a UNAH | ||
| 300 | |a 33 p |b **no definido** | ||
| 650 | |a MIGRACION | ||
| 650 | |a GOBIERNO LOCAL | ||
| 650 | |a POBLACION | ||
| 650 | |a MIGRACION | ||
| 650 | |a DISTRIBUCION POR SEXO | ||
| 710 | |a Centro de Recursos para el Desarrollo Sostenible de los Asentamientos Humanos en Centroamérica |a Fundación Arias para la Paz y el Progreso Humano | ||
| 999 | |c 14330 |d 14330 | ||
